Statistics for Reverse Dictionary #50

Click here to take the quiz!

General Stats

  • This quiz has been taken 12 times
  • The average score is 18 of 25

Answer Stats

DefinitionFirst
Letter
Word% Correct
A medical doctor who specializes in teeth.DDentist
100%
Powder obtained by grinding or milling cereal grains, especially wheat, or other foodstuffs such as soybeans and potatoes, and used to bake bread, cakes, and pastry.FFlour
100%
A utensil or a tool designed for cutting, consisting of a flat piece of hard material, usually steel or other metal (the blade), usually sharpened on one edge, attached to a handle. The blade may be pointed for piercing.KKnife
100%
Twelve o'clock at night exactly.MMidnight
100%
The season of gathering ripened crops; specifically, the time of reaping and gathering grain.HHarvest
90%
Grass cut and dried for use as animal fodder.HHay
90%
To enlarge by filling with air (or a gas).IInflate
90%
An act or instance of naming someone as a candidate for a particular role or position, including that of an office.NNomination
90%
To cause to suffer for crime or misconduct, to administer disciplinary action.PPunish
90%
To use in place of something else, with the same function.SSubstitute
90%
The overhead closure of a room.CCeiling
80%
Spoken rather than written.OOral
80%
The quality or state of being diseased; illness.SSickness
80%
Medical care for an illness or injury.TTreatment
80%
A school or place of training in which some special art is taught.AAcademy
70%
A literary piece written in verse.PPoem
70%
Extremely important; crucial.CCritical
60%
The process or result of being gradually decomposed.DDecay
60%
A wheel with grooves (teeth) engraved on the outer circumference, such that two such devices can interlock and convey motion from one to the other.GGear
60%
Any nounal word or phrase which indicates a particular person, place, class, or thing.NName
60%
A group of connected rooms, usually separable from other rooms by means of access.SSuite
50%
A compromise: a partial yielding to demands or requests.CConcession
40%
To bring into being; give rise to.GGenerate
30%
A pair of items or entities with mutually suitable characteristics.MMatch
30%
Held in reserve, to be used in an emergency.SSpare
10%

Score Distribution

Percentile by Number Answered

Percent of People with Each Score

Your Score History

You have not taken this quiz